تجربة اللغة الثالثة عند توفيق الحكم
Saved in:
| 主要作者: | |
|---|---|
| 其他作者: | , |
| 格式: | Thesis |
| 语言: | Arabic |
| 出版: |
خرطوم
: معهد خرطوم دولى غة عربية،
1980?
|
| 主题: | |
| 标签: |
添加标签
没有标签, 成为第一个标记此记录!
|
| LEADER | 013190000a22003250004500 | ||
|---|---|---|---|
| 001 | 90704 | ||
| 005 | 20100513083600.0 | ||
| 008 | 940209s1980 ara | ||
| 035 | |a 297326 | ||
| 035 | |a (Sirsi) 90704 | ||
| 040 | |a UIAM |b eng | ||
| 049 | |b m | ||
| 050 | |a PJ7828K52 | ||
| 100 | 1 | |a عبد العزيز، طاهر محمد | |
| 245 | 1 | 0 | |a تجربة اللغة الثالثة عند توفيق الحكم |
| 246 | 0 | 0 | |a Tajribat al-lughah al-thalithah 'inda Tawfiq al-Hakim / |c i'dad al-Tahir Muhammad 'Abd al-'Aziz; ishraf Sa'd Masluh |
| 260 | 1 | |a خرطوم |b : معهد خرطوم دولى غة عربية، |c 1980? | |
| 300 | |a 61 leaves ;33 cm. | ||
| 502 | |a Author's thesis (M.A)--Ma'had al-Khartum al-Duwali lil-Lughah al-'Arabiyah, 1980? | ||
| 596 | |a 1 | ||
| 600 | 1 | 0 | |a حكيم، توفيق |x نقد و تفسير |
| 600 | 1 | 0 | |a Hakim, Tawfiq |x Criticism and interpretation |
| 650 | 8 | |a رسالة جامعية | |
| 655 | 0 | 7 | |a Theses, non-IIUM |
| 700 | 1 | |a 'Abd al-'Aziz, al-Tahir Muhammad | |
| 700 | 1 | |a Masluh, Sa'd 'Abd al-'Aziz | |
| 710 | 1 | |a Ma'had al-Khartum al-Dawli lil-Lughah al-'Arabiyah | |
| 900 | |a checked a r r 190496 | ||
| 999 | |c 430667 |d 462158 | ||
| 952 | |0 0 |6 T PJ 007828 K52Z52T |7 0 |8 THESES |9 749940 |a IIUM |b IIUM |c MULTIMEDIA |g 0.00 |o t PJ7828K52Z52T |p 00000297331 |r 2017-10-20 |t 1 |v 0.00 |y THESIS | ||
